00561nam a2200157 a 450000100100000000500170001000800410002704000250006810000370009324500900013025000110022026000510023130000270028271000380030971000560034700002961020251120073733.0110419s2005 dr a 000 0 spa d aDO-SdBNPbspacBNPHU1 aGarcía Romero, Gladys Graciela10aAprendo a convivir :borientaciones pedagógicas /cGladys Graciela García Romero. a4a ed. aSanto Domingo :bPUCAMM,c2005fEditroa Búho a22 p. :bil. ;c28 cm.2 aConsorcio de Educación Cívica2 aPontificia Universidad Católica Madre y Maestra